| 000 | 01278nam0a22002531 4500 | ||
|---|---|---|---|
| 001 | rc\4646296 | ||
| 005 | 20260407122335.0 | ||
| 021 |
_aRU _b[65-25720] |
||
| 035 | _a(NLR Aleph) 008688627 | ||
| 090 |
_a9224485 _c9224485 |
||
| 100 | _a20130416d1965 |||y0rusy50 ca | ||
| 101 | 0 | _arus | |
| 102 | _aRU | ||
| 105 | _ay z ||||| | ||
| 200 | 1 |
_aТезисы докладов _fАкад. наук СССР. Гос. ком. по координации науч.-исслед. работ СССР. Гос. ком. по приборостроению, средствам автоматизации и системам управления при Госплане СССР. Совещание по автомат. методам анализа состава вещества. 24-27 марта 1965 г. |
|
| 210 |
_aМосква _cБ. и. _d1965 |
||
| 215 |
_a78 с. _d21 |
||
| 606 |
_aХимический анализ _xАвтоматизация _jТезисы докладов _2psbo |
||
| 710 | 1 | 2 |
_aСовещание по автоматическим методам анализа состава вещества. _f1965 _eМосква _3RU\NLR\AUTH\8810071368 _9644649 |
| 801 | 0 |
_aRU _bNLR _gpsbo |
|
| 801 | 1 |
_aRU _bELAR _2rusmarc |
|
| 852 |
_aNLR _j65-6/4656 |
||
| 942 | _cBOOK | ||
| 980 | _aNB | ||